Chúa tể đầm lầy = Le roi des aulnes

Tác phẩm viết về chiến tranh thế giới lần thứ nhầt

Na minha lista:
Detalhes bibliográficos
Autor principal: Michel Tournier
Formato: Livro
Idioma:Undetermined
Publicado em: Hà Nội Hội Nhà Văn 1997
Assuntos:
Tags: Adicionar Tag
Sem tags, seja o primeiro a adicionar uma tag!
Thư viện lưu trữ: Trung tâm Học liệu Trường Đại học Cần Thơ
LEADER 00640nam a2200193Ia 4500
001 CTU_20831
008 210402s9999 xx 000 0 und d
082 |a 843.914 
082 |b T728 
100 |a Michel Tournier 
245 0 |a Chúa tể đầm lầy 
245 0 |b = Le roi des aulnes 
245 0 |c Michel Tournier; Dịch giả: Bửu Ý 
260 |a Hà Nội 
260 |b Hội Nhà Văn 
260 |c 1997 
520 |a Tác phẩm viết về chiến tranh thế giới lần thứ nhầt 
650 |a french fiction - 20th century 
980 |a Trung tâm Học liệu Trường Đại học Cần Thơ